00644nam a2200229 a 4500001001300000003000900013005001700022008004100039020001000080082001500090100002200105245001300127260003400140300000800174500003500182650001300217700002200230902000800252942000700260952013000267999001700397nice12345678IN_TiNIC20260116015216.0071113s1996 newa grp 000 0 eng  ac10000a294.5bRAT aRatnakar, Pramesh aHinduism aNew DelhibLuster Pressc1996 a90p aincludes index and biblioraphy aHinduism1 aRatnakar, Pramesh bSRS cBK 001040708StackRoom-aHMIbHMId2007-11-13g100.00l1o294.5 RATp11001899r2018-09-10s2018-09-10v100.00w2007-11-13yBK c18766d18766